LEGO Dimensions Levels - Statistics

General Stats
  • This quiz has been taken 22 times
  • The average score is 12 of 43
Answer Stats
Answer % Correct
Ghostbusters!
57%
Meltdown at Sector 7-G
57%
Painting the Town Black
57%
The Phantom Zone
57%
The Phantom Zone
57%
Back to the Future!
43%
Mission: Impossible
43%
Prime Time
43%
Riddle-earth
43%
The Final Dimension
43%
A Book and a Bad Guy
29%
A Dalektable Adventure
29%
Aperture Science
29%
Attack of the Uber Villains
29%
Elements of Surprise
29%
Follow the LEGO Brick Road
29%
GLaD to See You
29%
Once Upon a Time Machine in the West
29%
Sonic Dimensions
29%
The Dalek Extermination of Earth
29%
The End is Tri
29%
The Final Showdown
29%
The Final Showdown
29%
The Goonies
29%
The Mysterious Voyage of Homer
29%
Accruing Interest
14%
All Your Bricks Are Belong to Us
14%
Arkham Attack
14%
A Trial with Style
14%
A Walk in the Park
14%
Breaking the Barrier
14%
Demiguise Double-Cross
14%
Ghostbusting!
14%
Grand Opening
14%
Mystery Dimension
14%
Mystery Mansion Mash-up
14%
Obscurus For-Sure-Us
14%
Paranormal Beginnings
14%
Retro Wreckage
14%
The Battle for Times Square
14%
The Energy Plant
14%
The Fortress of Solitude
14%
The Mercado Building
14%
No matching quizzes found
Score Distribution
Percent of People with Each Score
Percentile by Number Answered
Your Score History
You have not taken this quiz